| 000 | 00381cam a2200145ua 4500 | ||
|---|---|---|---|
| 003 | OSt | ||
| 008 | 231204b |||||||| |||| 00| 0 eng d | ||
| 041 | _amal | ||
| 082 |
_a320.58G _bGAN/TA |
||
| 100 |
_aGandhi, Mahatma . _94777 |
||
| 245 | _aThatwa chinthayum mathavum, Vol 6 / | ||
| 260 |
_aThiruvananthapuram : _bGandhi Smaraka Nidhi , _c1961. |
||
| 300 | _a520 ; . | ||
| 942 | _cBK | ||
| 999 |
_c6172 _d6172 |
||